000 00435nam a22001697a 4500
005 20230118100300.0
008 200517b xxu||||| |||| 00| 0 eng d
020 _a9789385915567
041 _aeng
082 _a615.3 UDA
100 _aUDAY KUMAR PADMAJA
_95408
245 _aMedical Pharmacology
260 _aNew Delhi
_bCBS Publishers and distributors
_c2016
300 _a640
650 _aPharmacy
_xB.PHARMA
_97083
942 _cBK
999 _c6220
_d6218